Top 20 Words Starting with NO - Statistics

General Stats
  • This quiz has been taken 1,575 times
  • The average score is 12 of 20
Answer Stats
rank letters word % Correct
2 2 no
100%
1 3 not
99%
8 3 nor
93%
3 3 now
92%
17 3 nod
86%
12 4 nose
81%
4 4 note
81%
14 4 none
78%
5 7 nothing
73%
6 5 north
66%
20 4 norm
54%
9 6 normal
51%
18 6 nobody
47%
11 5 noise
47%
13 5 novel
41%
7 6 notice
35%
10 8 northern
29%
19 8 nonsense
21%
15 8 normally
20%
16 6 notion
13%
No matching quizzes found
Score Distribution
Percent of People with Each Score
Percentile by Number Answered
Your Score History
You have not taken this quiz